LIBRARY & INFORMATION CENTRE, KCAET, TAVANUR

ONLINE PUBLIC ACCESS CATALOGUE (OPAC)

Technological gap and constraints in agricultural technology transfer / (Record no. 10994)

MARC details
000 -LEADER
fixed length control field 00553cam a2200205ua 4500
020 ## - INTERNATIONAL STANDARD BOOK NUMBER
ISBN 81 85421 23
041 ## - LANGUAGE CODE
Language code of text/sound track or separate title eng
082 ## - DEWEY DECIMAL CLASSIFICATION NUMBER
Classification number 631.151
Item number RAY/TE
100 ## - MAIN ENTRY--AUTHOR NAME
Personal name Ray, G L .
245 ## - TITLE STATEMENT
Title Technological gap and constraints in agricultural technology transfer /
260 ## - PUBLICATION, DISTRIBUTION, ETC. (IMPRINT)
Place of publication Calcutta :
Name of publisher Naya prakash ,
Year of publication 1995.
300 ## - PHYSICAL DESCRIPTION
Number of Pages 95 ; .
500 ## - GENERAL NOTE
General note **Reference
700 1# - ADDED ENTRY--PERSONAL NAME
Personal name Banerjee, S N .
700 1# - ADDED ENTRY--PERSONAL NAME
Personal name Chatterji, P .
942 ## - ADDED ENTRY ELEMENTS (KOHA)
Koha item type Books
Holdings
Withdrawn status Lost status Damaged status Home library Current library Date acquired Full call number Accession Number Koha item type
      KAUAET KAUAET 07/04/2012 631.151 19871 Reference
free website counter